000 00743nam a22002177a 4500
005 20251108170934.0
008 250721s1998 xx 000 0 ara d
082 1 4 _aط/004/كمب
100 1 _aالغزالي، علاء الدين محمد
_eمترجم
245 1 0 _aكمبيوتر للمبتدئين /
264 1 _aالقاهره :
_bنهضة مصر للطباعة و النشر و التوزيع،
_c1998.
300 _a48ص
490 0 _aسلسلة كمبيوتر للمبتدئين ؛ 1
650 1 7 _aالحواسيب
650 1 7 _aتصميم الحواسيب
650 1 7 _aبرامج الحاسوب
650 1 7 _aلغات البرمجة
700 1 _aخليل، شهيره
_eترجمة
942 _2ddc
_cBK
999 _c52576
_d52576